| 000 | 00440nam a2200169Ia 4500 | ||
|---|---|---|---|
| 003 | IN-BaIIA | ||
| 008 | 211028s9999 xx 000 0 eng d | ||
| 040 | _cIIA Library | ||
| 080 |
_a621.395 _bALL |
||
| 100 |
_aAllsop, F. C. _9662 |
||
| 245 | 0 |
_aTelephones _btheir construction and fittings _cF. C. Allsop |
|
| 260 |
_aLondon _bE and F N Spon _c1919 |
||
| 300 | _a222p. | ||
| 650 | _aNASA Thesaurus | ||
| 650 |
_aTelephones _9663 |
||
| 942 | _cBK | ||
| 999 |
_c322 _d322 |
||